[Event "8. Open de Galapagar"]
[Site "Galapagar ESP"]
[Date "2007.07.21"]
[Round "1.1"]
[White "Fernandez Garcia, Javier"]
[Black "Roa Alonso, Santiago"]
[Result "0-1"]
[WhiteElo "1935"]
[BlackElo "2445"]
[PlyCount "80"]
[EventDate "2007.07.21"]
[EventType "swiss"]
[EventRounds "9"]
[EventCountry "ESP"]
[Source "lmi"]
[SourceDate "2007.07.21"]

1. d4 d5 2. Nf3 Nf6 3. e3 Bf5 4. c4 e6 5. Qb3 Nc6 6. c5 Qc8 7. Bb5 Nd7 8. Nc3
Be7 9. Qa4 Ncb8 10. b4 a5 11. a3 O-O 12. Bb2 c6 13. Be2 Bf6 14. Nd1 Re8 15. Ne5
Qc7 16. f4 g6 17. Nf2 h5 18. Qd1 Bg7 19. g4 hxg4 20. Bxg4 Na6 21. Bc3 Nf6 22.
Bf3 Ne4 23. Bxe4 dxe4 24. Nc4 axb4 25. axb4 Rad8 26. Nd6 Rxd6 27. cxd6 Qxd6 28.
Rb1 Nc7 29. Bd2 Nd5 30. Rb3 Bf6 31. Ng4 Bh4+ 32. Kf1 Kg7 33. h3 Ra8 34. Ke2 Qc7
35. Rb1 Qb6 36. Qb3 Qb5+ 37. Kd1 Be7 38. Nf2 Ra4 39. Ke1 Bxb4 40. Qc2 Nxe3 0-1

[Event "8. Open de Galapagar"]
[Site "Galapagar ESP"]
[Date "2007.07.21"]
[Round "1.2"]
[White "Almagro Llamas, Pablo"]
[Black "Moreno Molina, Fernando"]
[Result "1-0"]
[WhiteElo "2413"]
[BlackElo "1935"]
[PlyCount "27"]
[EventDate "2007.07.21"]
[EventType "swiss"]
[EventRounds "9"]
[EventCountry "ESP"]
[Source "lmi"]
[SourceDate "2007.07.21"]

1. e4 c6 2. d4 d5 3. Nc3 e6 4. Nf3 Nd7 5. Bd3 Nb6 6. O-O Nf6 7. e5 Nfd7 8. Ng5
g6 9. f4 Be7 10. Qg4 c5 11. Nxe6 fxe6 12. Bxg6+ hxg6 13. Qxg6+ Kf8 14. f5 1-0

[Event "8. Open de Galapagar"]
[Site "Galapagar ESP"]
[Date "2007.07.21"]
[Round "1.3"]
[White "Martinez Alvarez, Carlos"]
[Black "Minzer, Cludio"]
[Result "0-1"]
[WhiteElo "1932"]
[BlackElo "2410"]
[PlyCount "46"]
[EventDate "2007.07.21"]
[EventType "swiss"]
[EventRounds "9"]
[EventCountry "ESP"]
[Source "lmi"]
[SourceDate "2007.07.21"]

1. e4 c5 2. Nf3 Nc6 3. d4 cxd4 4. Nxd4 g6 5. Nc3 Bg7 6. Be3 Nf6 7. f3 O-O 8.
Qd2 d5 9. exd5 Nxd5 10. Nxd5 Qxd5 11. c3 Nxd4 12. Bxd4 Bxd4 13. Qxd4 Qxd4 14.
cxd4 Rd8 15. Rd1 Be6 16. a3 Rac8 17. Rd2 Rc1+ 18. Kf2 Bb3 19. f4 Rdc8 20. g4
R8c2 21. Rxc2 Rxc2+ 22. Ke3 Bd5 23. Bd3 Rxb2 0-1

[Event "8. Open de Galapagar"]
[Site "Galapagar ESP"]
[Date "2007.07.21"]
[Round "1.5"]
[White "Lozano Sanchez, Jose Antonio"]
[Black "Gallardo Garcia, Andres"]
[Result "0-1"]
[WhiteElo "1926"]
[BlackElo "2352"]
[PlyCount "78"]
[EventDate "2007.07.21"]
[EventType "swiss"]
[EventRounds "9"]
[EventCountry "ESP"]
[Source "lmi"]
[SourceDate "2007.07.21"]

1. e4 Nf6 2. Nc3 d5 3. exd5 Nxd5 4. Nxd5 Qxd5 5. Qf3 c6 6. Bd3 Qxf3 7. Nxf3 g6
8. c3 Bg7 9. O-O Bg4 10. Be2 Nd7 11. d4 O-O 12. h3 Bf5 13. Bf4 c5 14. Rad1 Rfd8
15. Bc7 Rdc8 16. Bf4 Nb6 17. Ne5 cxd4 18. g4 Be6 19. Rxd4 Rc5 20. Re4 Bxa2 21.
Nd3 Rc4 22. Bf3 Rxe4 23. Bxe4 Bd5 24. Re1 Rc8 25. Nb4 Bxe4 26. Rxe4 Rc4 27.
Rxe7 Bf8 28. Rxb7 Rxf4 29. Nc6 Bc5 30. Ne5 Bxf2+ 31. Kg2 Nd5 32. Nd3 Ne3+ 33.
Kh1 Rf3 34. Nxf2 Rxf2 35. b4 Rc2 36. Rxa7 Rxc3 37. b5 Rb3 38. Rb7 Rb2 39. b6
Nc4 0-1

[Event "8. Open de Galapagar"]
[Site "Galapagar ESP"]
[Date "2007.07.21"]
[Round "1.6"]
[White "Gonzalez Somoza, Oliver"]
[Black "Montero Garcia, Fco  Javier"]
[Result "1-0"]
[WhiteElo "2343"]
[BlackElo "1915"]
[PlyCount "43"]
[EventDate "2007.07.21"]
[EventType "swiss"]
[EventRounds "9"]
[EventCountry "ESP"]
[Source "lmi"]
[SourceDate "2007.07.21"]

1. d4 Nf6 2. c4 g6 3. Nc3 Bg7 4. e4 O-O 5. Nge2 d6 6. Ng3 e5 7. d5 c6 8. h4 h5
9. Bg5 Na6 10. Be2 Qc7 11. Bxf6 Bxf6 12. Bxh5 gxh5 13. Qxh5 Nb4 14. Rd1 Nc2+
15. Kf1 Nd4 16. Nf5 Bxf5 17. exf5 Bg7 18. Rh3 cxd5 19. Rxd4 exd4 20. f6 Qxc4+
21. Kg1 Rfe8 22. Rg3 1-0

[Event "8. Open de Galapagar"]
[Site "Galapagar ESP"]
[Date "2007.07.21"]
[Round "1.7"]
[White "Nieto Esteban, Manuel"]
[Black "Longa Yauca, Javier"]
[Result "0-1"]
[WhiteElo "1908"]
[BlackElo "2306"]
[PlyCount "62"]
[EventDate "2007.07.21"]
[EventType "swiss"]
[EventRounds "9"]
[EventCountry "ESP"]
[Source "lmi"]
[SourceDate "2007.07.21"]

1. Nf3 d5 2. d4 Bf5 3. c4 e6 4. e3 c6 5. Nc3 Bd6 6. Bd3 dxc4 7. Bxc4 Nf6 8. O-O
Nbd7 9. h3 Qe7 10. Bd3 Bg6 11. Re1 O-O-O 12. e4 e5 13. Be3 Rhe8 14. Qa4 exd4
15. Bxd4 Nc5 16. Bxc5 Bxc5 17. Rad1 Nh5 18. Bb1 b5 19. Qc2 Kb7 20. a3 Nf4 21.
Qb3 Bb6 22. e5 Qc5 23. Rf1 Nd3 24. Bxd3 Bxd3 25. Rxd3 Rxd3 26. Qxf7+ Re7 27.
Qf5 Qc4 28. Ne4 Bc7 29. Nd6+ Bxd6 30. exd6 Rxd6 31. Qxh7 Qxf1+ 0-1

[Event "8. Open de Galapagar"]
[Site "Galapagar ESP"]
[Date "2007.07.21"]
[Round "1.9"]
[White "Baeza Escudero, Javier"]
[Black "Perez Gonzalez, Jose Manuel"]
[Result "1/2-1/2"]
[WhiteElo "1895"]
[BlackElo "2297"]
[PlyCount "77"]
[EventDate "2007.07.21"]
[EventType "swiss"]
[EventRounds "9"]
[EventCountry "ESP"]
[Source "lmi"]
[SourceDate "2007.07.21"]

1. e4 d6 2. d4 Nf6 3. Nc3 g6 4. f4 Bg7 5. Nf3 c5 6. dxc5 Qa5 7. Bd3 Qxc5 8. h3
O-O 9. Qe2 Nh5 10. Be3 Bxc3+ 11. bxc3 Qxc3+ 12. Kf2 Nc6 13. g4 Nf6 14. Bd2 Qa3
15. Rhb1 e5 16. c3 exf4 17. Rb3 Qc5+ 18. Kg2 Ne5 19. Rb5 Qc7 20. Rc1 Bd7 21.
Rb2 Nxd3 22. Qxd3 Bc6 23. Bxf4 Nxe4 24. Re2 f5 25. gxf5 gxf5 26. Kh2 Rf6 27.
Nh4 Qf7 28. Rg1+ Kh8 29. Qd4 Rg8 30. Rxg8+ Kxg8 31. Rg2+ Kf8 32. Nxf5 Rxf5 33.
Bh6+ Ke8 34. Qh8+ Kd7 35. Rg7 Rf2+ 36. Kg1 Rf1+ 37. Kh2 Rf2+ 38. Kg1 Rf1+ 39.
Kh2 1/2-1/2

[Event "8. Open de Galapagar"]
[Site "Galapagar ESP"]
[Date "2007.07.21"]
[Round "1.10"]
[White "Rodriguez Gonzalez, Javier"]
[Black "Collado Barbas, Laura"]
[Result "1-0"]
[WhiteElo "2261"]
[BlackElo "1883"]
[PlyCount "87"]
[EventDate "2007.07.21"]
[EventType "swiss"]
[EventRounds "9"]
[EventCountry "ESP"]
[Source "lmi"]
[SourceDate "2007.07.21"]

1. d4 d5 2. Nf3 c6 3. Bf4 Nf6 4. Nbd2 e6 5. e3 Nbd7 6. Bd3 Be7 7. c3 O-O 8. Ne5
c5 9. h4 c4 10. Bc2 Nxe5 11. dxe5 Nd7 12. Nf3 f5 13. g4 Nc5 14. gxf5 exf5 15.
Nd4 Ne4 16. Qh5 Qb6 17. O-O-O Nxf2 18. Nxf5 Bxf5 19. Bxf5 Rxf5 20. Qxf5 Nxh1
21. Rxh1 Rf8 22. Qg4 Bc5 23. Qf3 Qe6 24. Qg2 Kh8 25. Rg1 g6 26. Rd1 Rd8 27. h5
gxh5 28. Bg5 Rg8 29. Bf6+ Qxf6 30. Qxg8+ Kxg8 31. exf6 Bxe3+ 32. Kc2 d4 33.
cxd4 Kf7 34. d5 Bg5 35. d6 Bxf6 36. d7 Bd8 37. Re1 Be7 38. Kc3 h4 39. Kxc4 h3
40. Kd5 h6 41. Rf1+ Kg7 42. Ke6 Bd8 43. Rh1 Kg6 44. Rxh3 1-0

[Event "8. Open de Galapagar"]
[Site "Galapagar ESP"]
[Date "2007.07.21"]
[Round "1.11"]
[White "Collado Barbas, Alberto"]
[Black "De La Fuente Gonzalez, Francisco"]
[Result "0-1"]
[WhiteElo "1883"]
[BlackElo "2230"]
[PlyCount "58"]
[EventDate "2007.07.21"]
[EventType "swiss"]
[EventRounds "9"]
[EventCountry "ESP"]
[Source "lmi"]
[SourceDate "2007.07.21"]

1. d4 d5 2. Nf3 Nf6 3. Bg5 Ne4 4. Bf4 c5 5. c3 Nc6 6. e3 Qb6 7. Qb3 c4 8. Qxb6
axb6 9. Nbd2 Bf5 10. g4 Bxg4 11. Bg2 Nxd2 12. Nxd2 e6 13. e4 O-O-O 14. f3 Bh5
15. exd5 g5 16. Bxg5 Rxd5 17. f4 Rb5 18. Nxc4 h6 19. a4 Rb3 20. Bxc6 bxc6 21.
Ra2 Bf3 22. Rf1 Bd5 23. Bf6 Rg8 24. Ne3 Be4 25. Nc4 Bb1 26. Ra1 Bd3 27. a5 Bxc4
28. a6 Kb8 29. a7+ Ka8 0-1

[Event "8. Open de Galapagar"]
[Site "Galapagar ESP"]
[Date "2007.07.21"]
[Round "1.13"]
[White "Gonzalo Gonzalez, Francisco"]
[Black "Penalosa Pinilla, Jesus"]
[Result "0-1"]
[WhiteElo "1878"]
[BlackElo "2207"]
[PlyCount "92"]
[EventDate "2007.07.21"]
[EventType "swiss"]
[EventRounds "9"]
[EventCountry "ESP"]
[Source "lmi"]
[SourceDate "2007.07.21"]

1. e4 c5 2. Nf3 d6 3. c3 Nf6 4. e5 dxe5 5. Nxe5 Nbd7 6. Bb5 e6 7. O-O Be7 8. b3
a6 9. Nxd7 axb5 10. Nxf6+ Bxf6 11. Bb2 O-O 12. Qc2 Bd7 13. d3 Bc6 14. Nd2 Qd7
15. Ne4 Be7 16. f4 f5 17. Ng5 Bf6 18. Rfe1 Rfe8 19. Re3 h6 20. Nf3 Bxf3 21.
Rxf3 b4 22. cxb4 Bd4+ 23. Kf1 cxb4 24. Bxd4 Qxd4 25. Rd1 Rec8 26. Qf2 Qd6 27.
Re3 Rc6 28. Rde1 Qd5 29. Qe2 Raa6 30. Qb2 Rc3 31. Rg3 Qd4 32. Qd2 Qc5 33. d4
Qc6 34. Rxc3 bxc3 35. Qc2 b5 36. Re5 b4 37. Kf2 Qa8 38. Re2 Qa7 39. Ke3 Qa8 40.
Kf2 Qb7 41. g3 Qa8 42. Qb1 Qd5 43. Qd3 Rd6 44. Ke3 Kf7 45. Rc2 Qh1 46. Qc4 Qe4+
0-1

[Event "8. Open de Galapagar"]
[Site "Galapagar ESP"]
[Date "2007.07.21"]
[Round "1.14"]
[White "Pastor Alonso De Prado, Alberto"]
[Black "Tevar Sanz, Gonzalo"]
[Result "0-1"]
[WhiteElo "2183"]
[BlackElo "1877"]
[PlyCount "62"]
[EventDate "2007.07.21"]
[EventType "swiss"]
[EventRounds "9"]
[EventCountry "ESP"]
[Source "lmi"]
[SourceDate "2007.07.21"]

1. e4 e6 2. d4 d5 3. Nd2 c5 4. exd5 Qxd5 5. Ngf3 cxd4 6. Bc4 Qd8 7. O-O Nc6 8.
Nb3 e5 9. Re1 Bb4 10. Nxe5 Bxe1 11. Nxf7 Qe7 12. Bg5 Nf6 13. Bxf6 Bxf2+ 14. Kh1
Qxf6 15. Nxh8 Ne5 16. Qe2 Bg4 17. Bb5+ Ke7 18. Qe4 Rxh8 19. Rf1 Rb8 20. Nxd4
Kf8 21. h3 Kg8 22. Rxf2 Qxf2 23. Qxe5 Rd8 24. c3 Bc8 25. Qe7 Rf8 26. Bc4+ Kh8
27. Bd3 Qf4 28. Qe2 Qc1+ 29. Kh2 Qf4+ 30. Kg1 Qf7 31. Kh1 Qf4 0-1

[Event "8. Open de Galapagar"]
[Site "Galapagar ESP"]
[Date "2007.07.21"]
[Round "1.15"]
[White "Alcala Cuesta, Miguel"]
[Black "Lopez Andujar Ocana, Antonio"]
[Result "0-1"]
[WhiteElo "1872"]
[BlackElo "2175"]
[PlyCount "68"]
[EventDate "2007.07.21"]
[EventType "swiss"]
[EventRounds "9"]
[EventCountry "ESP"]
[Source "lmi"]
[SourceDate "2007.07.21"]

1. c4 Nf6 2. Nc3 e6 3. e4 d5 4. exd5 exd5 5. cxd5 Nxd5 6. d4 Bb4 7. Bd2 O-O 8.
Bd3 Re8+ 9. Nge2 Nc6 10. O-O Bg4 11. f3 Bh5 12. Qc2 Bg6 13. Rfe1 Nf6 14. Bxg6
hxg6 15. Qb3 Nxd4 16. Qd1 Nxe2+ 17. Rxe2 Bc5+ 18. Kh1 Qd7 19. Qc2 Rxe2 20. Nxe2
Bb6 21. Rd1 Rd8 22. Nc3 Qc6 23. Re1 Nd5 24. Qe4 Qd7 25. Qe2 Bd4 26. Qc4 Nf6 27.
Qb4 c5 28. Qc4 b6 29. Qe2 Qf5 30. Bc1 g5 31. Ne4 Nxe4 32. fxe4 Qe5 33. Qg4 f6
34. h4 Bf2 0-1

[Event "8. Open de Galapagar"]
[Site "Galapagar ESP"]
[Date "2007.07.21"]
[Round "1.17"]
[White "Ruiz Quevedo, Andres"]
[Black "Semprun Martinez, Fernando"]
[Result "1-0"]
[WhiteElo "1866"]
[BlackElo "2155"]
[PlyCount "75"]
[EventDate "2007.07.21"]
[EventType "swiss"]
[EventRounds "9"]
[EventCountry "ESP"]
[Source "lmi"]
[SourceDate "2007.07.21"]

1. b3 e5 2. c4 Nc6 3. Bb2 Nf6 4. e3 Be7 5. a3 a5 6. Qc2 O-O 7. d3 d5 8. cxd5
Nxd5 9. Nf3 f6 10. Be2 Be6 11. Nbd2 Qd7 12. O-O Rfd8 13. Ne4 Nb6 14. Rac1 Qd5
15. Ned2 Nd7 16. d4 Nf8 17. e4 Qd7 18. d5 Nd4 19. Nxd4 exd4 20. dxe6 Nxe6 21.
Bc4 c5 22. Qd3 Kh8 23. Qh3 Nf4 24. Qxd7 Rxd7 25. g3 Ng6 26. f4 Bd6 27. a4 Re8
28. Rce1 b6 29. h4 Bc7 30. Kg2 Nf8 31. h5 Ne6 32. Re2 Nf8 33. Bd5 Rb8 34. Rfe1
Ne6 35. Kf3 Rdd8 36. Bc1 Nf8 37. Nc4 Nd7 38. Nb2 1-0

[Event "8. Open de Galapagar"]
[Site "Galapagar ESP"]
[Date "2007.07.21"]
[Round "1.18"]
[White "Cruz Condori, Alfredo"]
[Black "Martinez-Villanueva Pelaez, Guzma"]
[Result "1-0"]
[WhiteElo "2149"]
[BlackElo "1860"]
[PlyCount "65"]
[EventDate "2007.07.21"]
[EventType "swiss"]
[EventRounds "9"]
[EventCountry "ESP"]
[Source "lmi"]
[SourceDate "2007.07.21"]

1. c4 Nf6 2. Nc3 g6 3. e4 d6 4. d4 Bg7 5. f3 O-O 6. Be3 e5 7. Nge2 Nc6 8. d5
Ne7 9. Qd2 c6 10. g4 cxd5 11. cxd5 Bd7 12. Ng3 a6 13. Bd3 Rc8 14. O-O b5 15. a3
Rb8 16. Kh1 Nc8 17. Rg1 Nb6 18. b3 Be8 19. Rg2 Nbd7 20. Bh6 Nc5 21. Bc2 Bd7 22.
b4 Nb7 23. Bd3 Rc8 24. Be3 Be8 25. Rag1 Bd7 26. Be2 Qc7 27. Rf1 Qd8 28. Bd3 Be8
29. Rfg1 Bd7 30. Qf2 Qe7 31. a4 a5 32. g5 Ne8 33. Nxb5 1-0

[Event "8. Open de Galapagar"]
[Site "Galapagar ESP"]
[Date "2007.07.22"]
[Round "2.1"]
[White "Roa Alonso, Santiago"]
[Black "Sotoca Aguado, Jose"]
[Result "1-0"]
[WhiteElo "2445"]
[BlackElo "2057"]
[PlyCount "63"]
[EventDate "2007.07.21"]
[EventType "swiss"]
[EventRounds "9"]
[EventCountry "ESP"]
[Source "lmi"]
[SourceDate "2007.07.21"]

1. e4 e6 2. d4 d5 3. Nc3 Bb4 4. e5 c5 5. a3 Bxc3+ 6. bxc3 Qc7 7. Nf3 Bd7 8. Bd3
Nc6 9. O-O O-O-O 10. a4 c4 11. Be2 f6 12. Bf4 f5 13. Bc1 h6 14. h4 Nge7 15. g3
Be8 16. Ne1 g5 17. hxg5 h5 18. Ng2 Ng6 19. Nh4 f4 20. Nxg6 Bxg6 21. Bxf4 Qf7
22. Kg2 Rdf8 23. Be3 Ne7 24. f3 Nf5 25. Bf2 h4 26. g4 h3+ 27. Kh2 Ne7 28. Bg3
Qh7 29. Ra2 Be8 30. Qd2 Ng6 31. f4 Bd7 32. Qe3 1-0

[Event "8. Open de Galapagar"]
[Site "Galapagar ESP"]
[Date "2007.07.22"]
[Round "2.2"]
[White "Mansilla Tolosa, Luis E"]
[Black "Almagro Llamas, Pablo"]
[Result "0-1"]
[WhiteElo "2040"]
[BlackElo "2413"]
[PlyCount "48"]
[EventDate "2007.07.21"]
[EventType "swiss"]
[EventRounds "9"]
[EventCountry "ESP"]
[Source "lmi"]
[SourceDate "2007.07.21"]

1. d4 d5 2. c4 c6 3. Nf3 Nf6 4. Nc3 dxc4 5. a4 Bf5 6. e3 e6 7. Bxc4 Bb4 8. O-O
O-O 9. Bd3 Bxd3 10. Qxd3 Nbd7 11. e4 Bxc3 12. bxc3 Nc5 13. Qb1 Ncxe4 14. Qxb7
Nxc3 15. Qxc6 Ne2+ 16. Kh1 Nxd4 17. Nxd4 Qxd4 18. Be3 Qh4 19. g3 Qh5 20. f4 Nd5
21. Bg1 Rac8 22. Qd6 Rc2 23. Rab1 Qe2 24. Bf2 Qe4+ 0-1

[Event "8. Open de Galapagar"]
[Site "Galapagar ESP"]
[Date "2007.07.22"]
[Round "2.4"]
[White "Candela Perez, Jose"]
[Black "Hernandez Navas, Francisco Javi"]
[Result "1-0"]
[WhiteElo "2404"]
[BlackElo "2035"]
[PlyCount "83"]
[EventDate "2007.07.21"]
[EventType "swiss"]
[EventRounds "9"]
[EventCountry "ESP"]
[Source "lmi"]
[SourceDate "2007.07.21"]

1. d4 d5 2. c4 e6 3. Nc3 Nf6 4. Nf3 c5 5. cxd5 Nxd5 6. e4 cxd4 7. Qxd4 Nxc3 8.
Qxc3 Nc6 9. Bb5 Bd7 10. O-O a6 11. Ba4 b5 12. Bb3 Rc8 13. Rd1 Qa5 14. Qd3 Rd8
15. Bg5 Be7 16. Bxe7 Nxe7 17. Ne5 Qc7 18. Qd4 f6 19. Nxd7 Rxd7 20. Qxd7+ Qxd7
21. Rxd7 Kxd7 22. Rd1+ Kc7 23. Bxe6 Rd8 24. Rxd8 Kxd8 25. f3 Kc7 26. Kf2 Kd6
27. Bb3 Kc5 28. Ke3 a5 29. Bf7 g5 30. g3 Nc6 31. f4 Nd4 32. fxg5 fxg5 33. e5
Nf5+ 34. Ke4 Ne7 35. Be6 h6 36. Bd7 b4 37. b3 h5 38. Be8 h4 39. g4 Nd5 40. Kf5
Kd4 41. e6 Nf4 42. Bc6 1-0

[Event "8. Open de Galapagar"]
[Site "Galapagar ESP"]
[Date "2007.07.22"]
[Round "2.5"]
[White "Gallardo Garcia, Andres"]
[Black "De Francisco De Diego, Felipe"]
[Result "1-0"]
[WhiteElo "2352"]
[BlackElo "1999"]
[PlyCount "141"]
[EventDate "2007.07.21"]
[EventType "swiss"]
[EventRounds "9"]
[EventCountry "ESP"]
[Source "lmi"]
[SourceDate "2007.07.21"]

1. e4 e5 2. Nf3 Nc6 3. Bb5 a6 4. Bxc6 dxc6 5. O-O f6 6. d4 exd4 7. Nxd4 c5 8.
Ne2 Bd6 9. Bf4 Be6 10. Bxd6 Qxd6 11. Qxd6 cxd6 12. Nf4 Bf7 13. Nc3 Ne7 14. Rfd1
O-O-O 15. Rd2 Rhe8 16. Rad1 Kc7 17. a3 g5 18. Nfe2 d5 19. exd5 Nxd5 20. Nxd5+
Bxd5 21. f3 Be6 22. Ng3 f5 23. Kf2 b6 24. Rxd8 Rxd8 25. Rxd8 Kxd8 26. f4 h6 27.
Ke3 Ke7 28. Ne2 Kd6 29. g3 g4 30. Nc1 Bd5 31. b3 Be4 32. c4 a5 33. Kd2 Kc6 34.
Na2 Kd6 35. Nc3 Bc6 36. Kd3 Ke6 37. Kd2 Kd6 38. Nd1 Be4 39. Nb2 Kc7 40. Kc3 Kd6
41. Nd1 Kc6 42. Ne3 Kd6 43. Nf1 Bc6 44. Nd2 Bg2 45. b4 a4 46. b5 Ke6 47. Kd3 h5
48. Ke3 Kf6 49. Ke2 Ke6 50. Ke3 Kf6 51. Kf2 Bh1 52. Nf1 Be4 53. Ke2 Ke6 54. Ne3
Bf3+ 55. Kd2 Be4 56. Nd1 Bg2 57. Nb2 Bf1 58. Kc3 Kd6 59. Nxa4 Kc7 60. Kb3 Bg2
61. Nb2 Be4 62. Nd1 Kd6 63. Nf2 Ke6 64. Nxe4 fxe4 65. Kc3 Kf5 66. Kd2 Ke6 67.
Ke3 Kf5 68. a4 h4 69. gxh4 Kg6 70. Kxe4 Kh5 71. f5 1-0

[Event "8. Open de Galapagar"]
[Site "Galapagar ESP"]
[Date "2007.07.22"]
[Round "2.6"]
[White "Sanchez Alvarez, Jorge"]
[Black "Gonzalez Somoza, Oliver"]
[Result "0-1"]
[WhiteElo "2037"]
[BlackElo "2343"]
[PlyCount "76"]
[EventDate "2007.07.21"]
[EventType "swiss"]
[EventRounds "9"]
[EventCountry "ESP"]
[Source "lmi"]
[SourceDate "2007.07.21"]

1. c4 Nf6 2. g3 e5 3. Bg2 c6 4. d4 exd4 5. Qxd4 d5 6. Bg5 Be7 7. cxd5 cxd5 8.
Nf3 Nc6 9. Qa4 Qb6 10. O-O Qxb2 11. Nbd2 Bf5 12. e4 dxe4 13. Rab1 Qa3 14. Qxa3
Bxa3 15. Nh4 Be6 16. Bxf6 gxf6 17. Nxe4 O-O-O 18. Nc3 Bc4 19. Bh3+ Kb8 20. Rfd1
Rxd1+ 21. Rxd1 Rd8 22. Rxd8+ Nxd8 23. Bf5 h6 24. Bb1 Ne6 25. Nf5 h5 26. h4 Bb2
27. Ne4 Nd4 28. Nd2 Ne2+ 29. Kh2 Be6 30. f3 Be5 31. f4 Nxf4 32. Nf3 Bxf5 33.
Bxf5 Ng6 34. Kh3 Ne7 35. Bc2 Kc7 36. g4 Kd6 37. Bb3 Ng8 38. Bxf7 hxg4+ 0-1

[Event "8. Open de Galapagar"]
[Site "Galapagar ESP"]
[Date "2007.07.22"]
[Round "2.7"]
[White "Longa Yauca, Javier"]
[Black "Martinez Martinez, Manuel"]
[Result "1-0"]
[WhiteElo "2306"]
[BlackElo "1996"]
[PlyCount "63"]
[EventDate "2007.07.21"]
[EventType "swiss"]
[EventRounds "9"]
[EventCountry "ESP"]
[Source "lmi"]
[SourceDate "2007.07.21"]

1. d4 d5 2. c4 c6 3. Nf3 Bf5 4. Qb3 Qb6 5. Qxb6 axb6 6. cxd5 cxd5 7. Nc3 e6 8.
e3 Be7 9. Bb5+ Nd7 10. Ne5 Rd8 11. Na4 f6 12. Nxd7 Rxd7 13. Nxb6 e5 14. dxe5
fxe5 15. Nxd5 Bd6 16. O-O Ne7 17. Nb6 Nc6 18. Rd1 Ke7 19. e4 Bc5 20. Bg5+ Ke8
21. Nxd7 Bxd7 22. Rd5 Bd4 23. Rd1 h6 24. Be3 Be6 25. Bxd4 exd4 26. R5xd4 Ke7
27. Bxc6 bxc6 28. Rb4 Bxa2 29. Rb7+ Kf6 30. b3 Ra8 31. f4 c5 32. Rd6# 1-0

[Event "8. Open de Galapagar"]
[Site "Galapagar ESP"]
[Date "2007.07.22"]
[Round "2.8"]
[White "Perez Pascual, Arturo"]
[Black "Garcia Cuenca, Victor"]
[Result "1/2-1/2"]
[WhiteElo "2020"]
[BlackElo "2303"]
[PlyCount "78"]
[EventDate "2007.07.21"]
[EventType "swiss"]
[EventRounds "9"]
[EventCountry "ESP"]
[Source "lmi"]
[SourceDate "2007.07.21"]

1. e4 c5 2. Nf3 e6 3. d4 cxd4 4. Nxd4 Nf6 5. Nc3 d6 6. Bg5 h6 7. Be3 a6 8. f3
b5 9. a3 Nbd7 10. Be2 Bb7 11. Qd2 Nb6 12. g4 Nfd7 13. h4 Rc8 14. Nb3 Ne5 15.
Na5 Nbc4 16. Nxc4 Nxc4 17. Bxc4 Rxc4 18. Kf2 Be7 19. g5 d5 20. exd5 hxg5 21.
hxg5 Rch4 22. Rxh4 Rxh4 23. Kg3 Rh5 24. dxe6 Qc7+ 25. Bf4 Rxg5+ 26. Kh3 Rh5+
27. Kg2 Qc6 28. exf7+ Kxf7 29. Qd3 g5 30. Qf5+ Qf6 31. Qxf6+ Bxf6 32. Rd1 Ke6
33. Bg3 g4 34. Ne4 gxf3+ 35. Kxf3 Be5 36. Re1 Rh7 37. Kg4 Bxe4 38. Rxe4 Rg7+
39. Kh4 Rh7+ 1/2-1/2

[Event "8. Open de Galapagar"]
[Site "Galapagar ESP"]
[Date "2007.07.22"]
[Round "2.9"]
[White "Ruiz De Alegria Madariaga, Carlos"]
[Black "Rodriguez Gonzalez, Javier"]
[Result "0-1"]
[WhiteElo "2019"]
[BlackElo "2261"]
[PlyCount "60"]
[EventDate "2007.07.21"]
[EventType "swiss"]
[EventRounds "9"]
[EventCountry "ESP"]
[Source "lmi"]
[SourceDate "2007.07.21"]

1. d4 d5 2. c4 e6 3. Nc3 c5 4. cxd5 cxd4 5. Qa4+ Bd7 6. Qxd4 exd5 7. Bf4 Nc6 8.
Qxd5 Nf6 9. Qd2 Qa5 10. e4 Bb4 11. f3 Rd8 12. Bd3 Be6 13. Nge2 Bc4 14. Bxc4
Rxd2 15. Bxd2 O-O 16. O-O-O Ne5 17. b3 Rc8 18. Kb1 h6 19. Rc1 Nxc4 20. bxc4
Rxc4 21. Kc2 Qxa2+ 22. Kd3 Qa6 23. Kc2 b5 24. Ra1 Qc6 25. Kb3 Nd7 26. Rhc1 Nc5+
27. Ka2 Nd3 28. Rc2 Bxc3 29. Rxc3 Rxc3 30. Bxc3 Qc4+ 0-1

[Event "8. Open de Galapagar"]
[Site "Galapagar ESP"]
[Date "2007.07.22"]
[Round "2.10"]
[White "Julian Serra, Rogelio"]
[Black "Madina Yadarola, Martin"]
[Result "0-1"]
[WhiteElo "2000"]
[BlackElo "2256"]
[PlyCount "54"]
[EventDate "2007.07.21"]
[EventType "swiss"]
[EventRounds "9"]
[EventCountry "ESP"]
[Source "lmi"]
[SourceDate "2007.07.21"]

1. c4 e6 2. Nc3 d5 3. g3 d4 4. Nb5 a6 5. Na3 c5 6. d3 Nc6 7. Bg2 Bd6 8. Nc2 Nf6
9. Nh3 Bd7 10. a3 e5 11. Ng5 h6 12. Ne4 Nxe4 13. dxe4 b5 14. b3 bxc4 15. bxc4
Na5 16. Ne3 O-O 17. Nf5 Be6 18. O-O Rb8 19. f4 Bxf5 20. fxe5 Be6 21. exd6 Nxc4
22. Bf4 g5 23. e5 gxf4 24. gxf4 Ne3 25. Qd2 Kh8 26. Rf3 Rg8 27. Rg3 Qh4 0-1

[Event "8. Open de Galapagar"]
[Site "Galapagar ESP"]
[Date "2007.07.23"]
[Round "3.2"]
[White "Almagro Llamas, Pablo"]
[Black "Lopez Andujar Ocana, Antonio"]
[Result "1-0"]
[WhiteElo "2413"]
[BlackElo "2175"]
[PlyCount "75"]
[EventDate "2007.07.21"]
[EventType "swiss"]
[EventRounds "9"]
[EventCountry "ESP"]
[Source "lmi"]
[SourceDate "2007.07.21"]

1. e4 e5 2. Nf3 Nf6 3. Nxe5 d6 4. Nf3 Nxe4 5. Qe2 Qe7 6. d3 Nf6 7. Bg5 Qxe2+ 8.
Bxe2 Be7 9. Nc3 Bd7 10. O-O-O Nc6 11. Rhe1 O-O 12. d4 Rfe8 13. d5 Ne5 14. Nxe5
dxe5 15. Nb5 Bd6 16. Kb1 h6 17. Bc1 Bf5 18. Bd3 Bxd3 19. Rxd3 Rec8 20. b3 e4
21. Rdd1 Be5 22. f4 Bd6 23. Nxd6 cxd6 24. Bb2 Re8 25. Re3 Nd7 26. g4 Re7 27.
Rde1 Rae8 28. f5 f6 29. Bd4 b6 30. Kc1 Kf7 31. Kd2 Ne5 32. Bxe5 Rxe5 33. c4 g6
34. fxg6+ Kxg6 35. Rg3 Kg5 36. Ke3 Rc8 37. h4+ Kxh4 38. Kf4 1-0

[Event "8. Open de Galapagar"]
[Site "Galapagar ESP"]
[Date "2007.07.23"]
[Round "3.3"]
[White "Cruz Condori, Alfredo"]
[Black "Minzer, Claudio Javier"]
[Result "1/2-1/2"]
[WhiteElo "2149"]
[BlackElo "2410"]
[PlyCount "65"]
[EventDate "2007.07.21"]
[EventType "swiss"]
[EventRounds "9"]
[EventCountry "ESP"]
[Source "lmi"]
[SourceDate "2007.07.21"]

1. c4 g6 2. Nc3 Bg7 3. d4 Nf6 4. e4 d6 5. f3 O-O 6. Be3 a6 7. Qd2 Nc6 8. Nge2
Rb8 9. Nc1 e5 10. d5 Nd4 11. Nb3 c5 12. dxc6 bxc6 13. Nxd4 exd4 14. Bxd4 d5 15.
cxd5 cxd5 16. exd5 Re8+ 17. Be2 Qa5 18. O-O Qb4 19. Rfd1 Qxb2 20. Qxb2 Rxb2 21.
Bf1 Rd8 22. Ne4 Nxe4 23. fxe4 Rb4 24. Bxg7 Kxg7 25. Re1 f5 26. exf5 Bxf5 27.
Re7+ Kf6 28. Rxh7 Rxd5 29. Bxa6 Ra5 30. Bf1 Rb1 31. Rxb1 Bxb1 32. Bc4 Bxa2 33.
Bxa2 1/2-1/2